000 01371cam a2200385 a 4500
001 17254388
003 PILC
005 20150227084707.0
008 120413s2012 nyua b 001 0 eng
010 _a 2011277377
020 _a9780071792219
020 _a007179221X
040 _aDLC
_cDLC
_dDLC
042 _apcc
050 0 0 _aQA 76.585
_b.Ar97 2012
082 0 0 _a004.6782
100 1 _aArora, Pankaj.
245 1 0 _aTo the cloud :
_bcloud powering an enterprise /
_cPankaj Arora, Raj Biyani, Salil Dave.
246 3 0 _aCloud powering an enterprise
260 _aNew York :
_bMcGraw Hill,
_cc2012.
300 _axx, 119 pages :
_billustrations ;
_c24 cm.
504 _aIncludes bibliographical references and index.
521 _aBusiness Administration
650 0 _aCloud computing.
650 0 _aInformation technology
_xManagement.
650 0 _aWeb services.
650 0 _aBusiness enterprises
_xData processing.
700 1 _aBiyani, Raj.
700 1 _aDave, Salil.
856 4 2 _3Contributor biographical information
_uhttp://www.loc.gov/catdir/enhancements/fy1210/2011277377-b.html
856 4 2 _3Publisher description
_uhttp://www.loc.gov/catdir/enhancements/fy1210/2011277377-d.html
906 _a7
_bcbc
_corigres
_d2
_encip
_f20
_gy-gencatlg
942 _2lcc
_cBK
999 _c283630
_d283630